Central Library OPAC University of Rajshahi

The diary of a country parson, 1758-1802 / (Record no. 22192)

MARC details
000 -LEADER
fixed length control field 01136nam a2200301 a 4500
001 - CONTROL NUMBER
control field 22192
003 - CONTROL NUMBER IDENTIFIER
rucl marc code BD-RjUL
005 - DATE AND TIME OF LATEST TRANSACTION
control field 20211209000758.0
008 - FIXED-LENGTH DATA ELEMENTS--GENERAL INFORMATION
fixed length control field 140306r19531924enk b 000 0 eng d
035 ## - SYSTEM CONTROL NUMBER
System control number (BD-RjUL)22257
040 ## - CATALOGING SOURCE
Original cataloging agency DLC
Transcribing agency DLC
Modifying agency BD-RjUL
Language of cataloging eng
041 ## - LANGUAGE CODE
Language code of text/sound track or separate title eng
082 ## - DEWEY DECIMAL CLASSIFICATION NUMBER
Classification number 808.6
Author mark and year WOD 1953
100 1# - MAIN ENTRY--PERSONAL NAME
Personal name Woodforde, James,
Dates associated with a name 1740-1803.
9 (RLIN) 68485
245 14 - TITLE STATEMENT
Title The diary of a country parson, 1758-1802 /
Statement of responsibility, etc. by James Woodforde ; passages selected and edited by John Beresford.
260 ## - PUBLICATION, DISTRIBUTION, ETC. (IMPRINT)
Place of publication, distribution, etc. Oxford :
Name of publisher, distributor, etc. Oxford University Press,
Date of publication, distribution, etc. 1924 [Reprinted 1953].
300 ## - PHYSICAL DESCRIPTION
Pagination xviii, 622 p. ;
Size 20 cm.
500 ## - GENERAL NOTE
General note The present selection was published in 1935 under title: "Woodforde : passages from the five volumes of The diary of a country parson, 1758-1802".
504 ## - BIBLIOGRAPHY, ETC. NOTE
Bibliography, etc Includes bibliographical references.
600 10 - SUBJECT ADDED ENTRY--PERSONAL NAME
Personal name Woodforde, James,
Dates associated with a name 1740-1803.
610 20 - SUBJECT ADDED ENTRY--CORPORATE NAME
Corporate name or jurisdiction name as entry element Church of England
650 #0 - SUBJECT ADDED ENTRY--TOPICAL TERM
Topical term or geographic name as entry element Clergy
Geographic subdivision England
General subdivision Diaries.
9 (RLIN) 68488
700 1# - ADDED ENTRY--PERSONAL NAME
Personal name Beresford, John,
Dates associated with a name 1888-1940.
830 #0 - SERIES ADDED ENTRY--UNIFORM TITLE
Uniform title Oxford paperbacks
942 ## - ADDED ENTRY ELEMENTS (KOHA)
Source of classification or shelving scheme Dewey Decimal Classification
Koha item type Books
Holdings
Lost status Source of classification or shelving scheme Damaged status Not for loan Collection code Permanent Location Current Location Shelving location Date acquired Source of acquisition Cost, normal purchase price Total Checkouts Full call number Date last seen Copy number Koha item type
  Dewey Decimal Classification     Fiction Central Library, University of Rajshahi Central Library, University of Rajshahi   25/06/1955 O.U.P. 4.00   808.6 WOD 1953 06/03/2014 C-2 Books